| 000 | 00992nam a22003257a 4500 | ||
|---|---|---|---|
| 003 | CHAP | ||
| 005 | 20220329140459.0 | ||
| 008 | 971013s1972 r 00010 d | ||
| 010 | _a52584 | ||
| 011 | _a53556 | ||
| 035 | _a57706 | ||
| 040 | _cCHAP | ||
| 082 |
_a632 _bW66 |
||
| 100 | 0 | 0 |
_aWood, R. K. S. _9122531 |
| 245 | _aPhytotoxins in plant diseases | ||
| 260 |
_aNew York : _bAcademic Press, _c1972 |
||
| 300 |
_a530 p. _b: ilus. |
||
| 590 |
_aBATCH-UPD _b10 _c20130110 _lUCH01 _h0509 |
||
| 590 |
_aBATCH-UPD _b10 _c20130410 _lUCH01 _h0147 |
||
| 590 |
_aBATCH-UPD _b10 _c20130914 _lUCH01 _h1414 |
||
| 590 |
_aCONVERSION _b10 _c20130109 _lUCH01 _h1328 |
||
| 650 | 1 | 4 |
_aFitopatología. _941161 |
| 650 | 1 | 4 |
_aToxinas vegetales. _9114460 |
| 700 | 0 |
_aBallio, A. _99739 |
|
| 700 | 0 |
_aGraniti, A. _950383 |
|
| 901 | _aBK | ||
| 942 | _cLIBRO | ||
| 949 |
_a632 W66 _bBC _cLIBRO _d33724000176103 _eLIBRO _h17532 _i57706 _si |
||
| 949 |
_a632 W66 _bBC _cLIBRO _d33724000176111 _eLIBRO _fc.2 _h42075 _i57706 _si |
||
| 999 |
_c52584 _d52584 |
||